[Event "Continental Class Ch."]
[Site "Arlington, VA"]
[Date "2011.10.10"]
[Round "9"]
[White "Tegshsuren, Enkhbat"]
[Black "Sarkar, Justin"]
[Result "1/2-1/2"]
[WhiteElo "2370"]
[BlackElo "2379"]
[PlyCount "111"]
[EventDate "2011.10.??"]
[EventType "swiss"]
[EventRounds "9"]
[EventCountry "USA"]

1. d4 d6 2. g3 g6 3. Bg2 Bg7 4. Nf3 f5 5. O-O Nf6 6. b3 O-O 7. Bb2 Qe8 8. c4
Na6 9. Nc3 Rb8 10. Re1 c6 11. e4 fxe4 12. Nxe4 Nxe4 13. Rxe4 Bf5 14. Re3 Bh6
15. Rc3 b5 16. cxb5 cxb5 17. Nh4 Bd7 18. Qe2 Qf7 19. Re1 Bg5 20. Nf3 Bf6 21. h4
Bg4 22. Qd2 Nb4 23. Rc7 Bxf3 24. Bxf3 a5 25. Bg4 Qg7 26. a3 Na6 27. Ra7 Ra8 28.
Rxa8 Rxa8 29. Qxa5 Bxd4 30. Be6+ Kh8 31. Bxd4 Qxd4 32. Qxb5 Nc5 33. Qe2 Rxa3
34. Bc4 Qf6 35. b4 Nd7 36. Qxe7 Qxe7 37. Rxe7 Ne5 38. Bd5 Rd3 39. Ba8 Rb3 40.
Rb7 Nd3 41. b5 Nc5 42. Rb8+ Kg7 43. Bc6 Kf6 44. b6 Rb1+ 45. Kg2 Na6 46. Rb7 Nc5
47. Rxh7 Rxb6 48. Bd5 Rb2 49. h5 gxh5 50. Rh6+ Kg5 51. Rxd6 h4 52. Bf3 hxg3 53.
Kxg3 Rc2 54. Rc6 Rc3 55. Kg2 Kf4 56. Rc8 1/2-1/2

[Event "Continental Class Ch."]
[Site "Arlington, VA"]
[Date "2011.10.10"]
[Round "9"]
[White "Kekelidze, Mikheil"]
[Black "Kudrin, Sergey"]
[Result "0-1"]
[WhiteElo "2459"]
[BlackElo "2530"]
[PlyCount "100"]
[EventDate "2011.10.??"]
[EventType "swiss"]
[EventRounds "9"]
[EventCountry "USA"]

1. d4 Nf6 2. c4 g6 3. Nc3 d5 4. Bg5 Ne4 5. Bf4 Nxc3 6. bxc3 Bg7 7. e3 O-O 8.
Nf3 c5 9. cxd5 cxd4 10. cxd4 Qxd5 11. Be2 Nc6 12. O-O Bf5 13. Qa4 Qa5 14. Qb3
Be4 15. Rfc1 Rac8 16. a3 e5 17. dxe5 Nxe5 18. Nxe5 Bxe5 19. Bxe5 Qxe5 20. Qb5
Qf6 21. Bf1 Rc2 22. Rxc2 Qxa1 23. Qb2 Qxb2 24. Rxb2 Rd8 25. f3 Bc6 26. Be2 Rd5
27. Kf2 Rc5 28. Bd1 Rc1 29. Bb3 Kf8 30. e4 Ke7 31. Ke3 f6 32. Kd4 Kd6 33. Rd2
Rh1 34. g3 Ra1 35. Ba2 g5 36. Re2 Rf1 37. Ke3 Ke5 38. Rc2 Rxf3+ 39. Kxf3 Bxe4+
40. Ke3 Bxc2 41. Bc4 h6 42. Be2 f5 43. h4 gxh4 44. gxh4 Be4 45. Bh5 f4+ 46. Kf2
Kd4 47. Bg4 Kc3 48. h5 Kb3 49. Bf3 Bxf3 50. Kxf3 Kxa3 0-1

[Event "Continental Class Ch."]
[Site "Arlington, VA"]
[Date "2011.10.10"]
[Round "9"]
[White "Shahade, Greg"]
[Black "Friedel, Joshua E"]
[Result "1/2-1/2"]
[WhiteElo "2446"]
[BlackElo "2518"]
[PlyCount "82"]
[EventDate "2011.10.??"]
[EventType "swiss"]
[EventRounds "9"]
[EventCountry "USA"]

1. e4 e5 2. Nf3 Nc6 3. Bb5 Nf6 4. O-O Nxe4 5. d4 Nd6 6. Bxc6 dxc6 7. dxe5 Nf5
8. Qxd8+ Kxd8 9. Nc3 h6 10. h3 Bd7 11. b3 b6 12. Bb2 Kc8 13. Rad1 Ne7 14. Rd2
c5 15. Rfd1 Be6 16. Ne2 g5 17. c4 Ng6 18. Nc3 Be7 19. Nd5 Kb7 20. Nh2 h5 21. f3
Rae8 22. Nf1 g4 23. hxg4 hxg4 24. f4 c6 25. Nxe7 Nxe7 26. Ng3 Kc7 27. f5 Nxf5
28. Nxf5 Bxf5 29. e6 Bxe6 30. Be5+ Kb7 31. Bxh8 Rxh8 32. Rd8 Rxd8 33. Rxd8 b5
34. Kf2 bxc4 35. bxc4 Bxc4 36. a3 Be6 37. Ke3 Kb6 38. Kd2 Kb5 39. Kc3 a5 40. g3
Ka4 41. Ra8 Bd5 1/2-1/2

[Event "Continental Class Ch."]
[Site "Arlington, VA"]
[Date "2011.10.10"]
[Round "9"]
[White "Kaufman, Larry C"]
[Black "Bartholomew, John"]
[Result "0-1"]
[WhiteElo "2406"]
[BlackElo "2442"]
[PlyCount "66"]
[EventDate "2011.10.??"]
[EventType "swiss"]
[EventRounds "9"]
[EventCountry "USA"]

1. d4 d5 2. c4 c6 3. Nf3 Nf6 4. Nc3 e6 5. Bg5 h6 6. Bxf6 Qxf6 7. e3 Nd7 8. Bd3
dxc4 9. Bxc4 g6 10. O-O Qe7 11. e4 Bg7 12. Re1 O-O 13. e5 Rd8 14. Bd3 Rb8 15.
Qe2 b6 16. Rad1 Bb7 17. Be4 b5 18. h4 a6 19. g3 Nb6 20. h5 g5 21. Nh2 b4 22.
Nb1 c5 23. Bxb7 Qxb7 24. dxc5 Nd7 25. Ng4 Nxc5 26. Qe3 Qb5 27. f4 gxf4 28. Qxf4
Nd3 29. Nxh6+ Bxh6 30. Qxh6 Nxe1 31. Rxd8+ Rxd8 32. Qg5+ Kh7 33. Qxd8 Qe2 0-1

[Event "Continental Class Ch."]
[Site "Arlington, VA"]
[Date "2011.10.10"]
[Round "9"]
[White "Yanayt, Eugene"]
[Black "Yang, Darwin"]
[Result "1/2-1/2"]
[WhiteElo "2214"]
[BlackElo "2439"]
[PlyCount "73"]
[EventDate "2011.10.??"]
[EventType "swiss"]
[EventRounds "9"]
[EventCountry "USA"]

1. d4 d5 2. c4 e6 3. Nf3 Nf6 4. g3 dxc4 5. Bg2 c5 6. O-O Nc6 7. Qa4 Bd7 8. Qxc4
cxd4 9. Nxd4 Rc8 10. Nc3 Nxd4 11. Qxd4 Bc5 12. Qh4 O-O 13. Bxb7 Rb8 14. Bf3 Rb4
15. Qg5 Bd4 16. Qd2 Qc7 17. Nd1 Rfb8 18. a3 Ra4 19. Ne3 e5 20. Qc2 Qd8 21. Nf5
Rc8 22. Qb3 Rb8 23. Qc2 Rc8 24. Qd1 Rac4 25. Nxd4 Rxd4 26. Qb3 Be6 27. Qb7 e4
28. Bg2 Rc7 29. Qb5 Bc4 30. Qa5 Bxe2 31. Bf4 Rc2 32. Qxd8+ Rxd8 33. Rfc1 Rxb2
34. Be5 Rb3 35. Bxf6 gxf6 36. Bxe4 Rd2 37. Rcb1 1/2-1/2

[Event "Continental Class Ch."]
[Site "Arlington, VA"]
[Date "2011.10.10"]
[Round "9"]
[White "Burnett, Ronald"]
[Black "Betaneli, Aleksandr"]
[Result "0-1"]
[WhiteElo "2358"]
[BlackElo "2255"]
[PlyCount "126"]
[EventDate "2011.10.??"]
[EventType "swiss"]
[EventRounds "9"]
[EventCountry "USA"]

1. Nf3 d5 2. b3 Nf6 3. e3 Bg4 4. Bb2 e6 5. Be2 Be7 6. d3 O-O 7. h3 Bxf3 8. Bxf3
c5 9. g4 Nfd7 10. c4 Bf6 11. Nc3 Qa5 12. Qd2 Ne5 13. Be2 dxc4 14. dxc4 Rd8 15.
Qc2 Nbc6 16. a3 Ng6 17. O-O Nh4 18. Rad1 Rxd1 19. Rxd1 Rd8 20. f4 Rxd1+ 21.
Bxd1 Qd8 22. Kf1 g5 23. fxg5 Be5 24. Kf2 Qxg5 25. Ne4 Qg7 26. Bxe5 Qxe5 27. Ng3
Qf6+ 28. Ke1 Ne5 29. Nh5 Nhf3+ 30. Bxf3 Qxf3 31. Qe4 Qxe4 32. Nf6+ Kg7 33. Nxe4
b6 34. Ke2 f5 35. gxf5 exf5 36. Nd6 Kf6 37. Nb5 Nc6 38. Kf3 a6 39. Nc7 Na5 40.
Nd5+ Ke5 41. Nxb6 Nxb3 42. Ke2 f4 43. Nd7+ Kd6 44. Nf6 f3+ 45. Kxf3 Nd2+ 46.
Kf4 Nxc4 47. Ne4+ Kc6 48. a4 Nb6 49. Nc3 Nd5+ 50. Nxd5 Kxd5 51. Kf5 c4 52. e4+
Kc6 53. Kf4 h5 54. a5 Kc5 55. Ke3 h4 56. e5 Kd5 57. e6 Kxe6 58. Kd4 Kd6 59.
Kxc4 Kc6 60. Kd4 Kb5 61. Kd5 Kxa5 62. Kc5 Ka4 63. Kc4 a5 0-1

[Event "Continental Class Ch."]
[Site "Arlington, VA"]
[Date "2011.10.10"]
[Round "9"]
[White "Gulamali, Kazim"]
[Black "Chiang, Sarah"]
[Result "1-0"]
[WhiteElo "2350"]
[BlackElo "1981"]
[PlyCount "83"]
[EventDate "2011.10.??"]
[EventType "swiss"]
[EventRounds "9"]
[EventCountry "USA"]

1. e4 c6 2. d4 d5 3. f3 dxe4 4. fxe4 e5 5. Nf3 Bg4 6. Bc4 Nd7 7. c3 Bh5 8. O-O
Ngf6 9. Bg5 Bd6 10. Nbd2 O-O 11. Qe1 b5 12. Bd3 Qb6 13. Kh1 Qc7 14. Nh4 h6 15.
Bxf6 Nxf6 16. Nf5 Nh7 17. Nf3 Bxf3 18. gxf3 Ng5 19. f4 exf4 20. e5 Be7 21. h4
Ne6 22. Qe4 g6 23. Nxh6+ Kg7 24. Nxf7 Rxf7 25. Qxg6+ Kf8 26. Qxe6 Qc8 27. Qxc8+
Rxc8 28. Bg6 Rg7 29. Rxf4+ Kg8 30. Rg1 Kh8 31. h5 Rcg8 32. Rf5 a5 33. Kg2 Bf8
34. Rgf1 Be7 35. Kf3 Rd8 36. Ke4 Bh4 37. Rf8+ Rg8 38. Rxg8+ Kxg8 39. Rf7 Bg5
40. e6 Re8 41. Ke5 Re7 42. Kf5 1-0

[Event "Continental Class Ch."]
[Site "Arlington, VA"]
[Date "2011.10.10"]
[Round "9"]
[White "Troff, Kayden"]
[Black "Defibaugh, Jared"]
[Result "1-0"]
[WhiteElo "2293"]
[BlackElo "2178"]
[PlyCount "89"]
[EventDate "2011.10.??"]
[EventType "swiss"]
[EventRounds "9"]
[EventCountry "USA"]

1. d4 Nf6 2. c4 g6 3. Nc3 d5 4. Nf3 Bg7 5. Bg5 Ne4 6. cxd5 Nxg5 7. Nxg5 e6 8.
Qd2 exd5 9. Qe3+ Kf8 10. Qf4 Bf6 11. h4 h6 12. Nf3 Kg7 13. O-O-O Be6 14. e3 Nd7
15. g4 Be7 16. Qg3 Bd6 17. Qg2 Qe7 18. Bd3 Bb4 19. Ne2 c5 20. Ne5 Rac8 21. Kb1
c4 22. Bc2 Nxe5 23. dxe5 Ba3 24. b3 c3 25. Qf3 Qc7 26. Qf6+ Kg8 27. Nf4 Re8 28.
Nxd5 Qa5 29. Qf3 Kg7 30. e4 Rd8 31. Rh3 Bb4 32. Nf4 Qxe5 33. Nxe6+ Qxe6 34. a3
Rxd1+ 35. Bxd1 Bxa3 36. Qxc3+ Kh7 37. Qc4 Qf6 38. e5 Qxf2 39. Rh2 b5 40. Rxf2
bxc4 41. Rxf7+ Kg8 42. Rxa7 Bf8 43. Be2 Rh7 44. Bxc4+ Kh8 45. Ra8 1-0

[Event "Continental Class Ch."]
[Site "Arlington, VA"]
[Date "2011.10.10"]
[Round "9"]
[White "Coleman, Teddy"]
[Black "Adu, Oladapo"]
[Result "1-0"]
[WhiteElo "2314"]
[BlackElo "2278"]
[PlyCount "65"]
[EventDate "2011.10.??"]
[EventType "swiss"]
[EventRounds "9"]
[EventCountry "USA"]

1. d4 Nf6 2. c4 c5 3. d5 e6 4. Nc3 exd5 5. cxd5 Bd6 6. e4 Be5 7. Bd3 Qe7 8.
Nge2 d6 9. O-O O-O 10. f4 Bd4+ 11. Nxd4 cxd4 12. Nb5 Na6 13. e5 dxe5 14. d6 Qe6
15. fxe5 Qxe5 16. Bf4 Qd5 17. b3 Bg4 18. Qd2 Qc5 19. Rac1 Qb4 20. Qf2 Nc5 21.
Bc4 Ne6 22. Bd2 Qc5 23. Bxe6 Qxb5 24. Bxg4 Nxg4 25. Qxd4 Qb6 26. Qxb6 axb6 27.
a4 Rfd8 28. Bf4 Rd7 29. Rc7 Rxc7 30. dxc7 Kf8 31. Re1 Nf6 32. Bd6+ Kg8 33. Rd1
1-0

[Event "Continental Class Ch."]
[Site "Arlington, VA"]
[Date "2011.10.10"]
[Round "9"]
[White "Santarius, Erik"]
[Black "Juac, Majur"]
[Result "1/2-1/2"]
[WhiteElo "2316"]
[BlackElo "2178"]
[PlyCount "115"]
[EventDate "2011.10.??"]
[EventType "swiss"]
[EventRounds "9"]
[EventCountry "USA"]

1. e4 c5 2. Nf3 e6 3. d4 cxd4 4. Nxd4 a6 5. Bd3 Qc7 6. O-O Nf6 7. Nc3 Be7 8.
Be3 b5 9. f4 d6 10. Qf3 Bb7 11. g4 h5 12. g5 Ng4 13. g6 Bf6 14. Rad1 b4 15. Na4
Nd7 16. gxf7+ Kxf7 17. f5 exf5 18. Nxf5 Bc6 19. Bc4+ d5 20. Bxd5+ Bxd5 21. Bf4
Nde5 22. Qg2 Bc6 23. h3 Qa7+ 24. Nd4 Rad8 25. hxg4 Rxd4 26. Be3 hxg4 27. Bxd4
Nf3+ 28. Qxf3 Qxd4+ 29. Rxd4 gxf3 30. Rxb4 Rh3 31. Nc3 g5 32. Rc4 g4 33. e5
Rg3+ 34. Kf2 Rg2+ 35. Ke1 Bh4+ 36. Kd1 Bd7 37. Rxf3+ gxf3 38. Rxh4 Bg4 39. Ke1
Kg6 40. e6 Bxe6 41. Rf4 Bg4 42. Ne4 Re2+ 43. Kf1 Bh3+ 44. Kg1 Rg2+ 45. Kh1 Rxc2
46. b4 Rxa2 47. Kg1 Rg2+ 48. Kh1 Rb2 49. Kg1 Rg2+ 50. Kh1 Rg4 51. Rxg4+ Bxg4
52. Kg1 Kf5 53. Nc5 Kf4 54. Kf2 Bc8 55. Nd3+ Ke4 56. Nc5+ Kf4 57. Nd3+ Ke4 58.
Nc5+ 1/2-1/2

[Event "Continental Class Ch."]
[Site "Arlington, VA"]
[Date "2011.10.10"]
[Round "9"]
[White "Harmon Vellotti, Luke"]
[Black "Rozman, Levy"]
[Result "0-1"]
[WhiteElo "2183"]
[BlackElo "2037"]
[PlyCount "110"]
[EventDate "2011.10.??"]
[EventType "swiss"]
[EventRounds "9"]
[EventCountry "USA"]

1. e4 c6 2. d4 d5 3. Nc3 dxe4 4. Nxe4 Bf5 5. Ng3 Bg6 6. h4 h6 7. Nf3 Nd7 8. h5
Bh7 9. Bd3 Bxd3 10. Qxd3 e6 11. Bf4 Qa5+ 12. Bd2 Bb4 13. c3 Be7 14. c4 Qc7 15.
O-O-O Ngf6 16. Rhe1 b5 17. Kb1 O-O 18. Ne5 bxc4 19. Qxc4 Nxe5 20. dxe5 Nd5 21.
Rc1 Qb6 22. Qg4 Rab8 23. Rc2 Kh8 24. f4 Ba3 25. Bc1 Qa5 26. Bd2 Bb4 27. Qe2
Rfd8 28. Ne4 Bxd2 29. Rxd2 Nxf4 30. Rxd8+ Rxd8 31. Qf1 Qxe5 32. Nc3 Qf5+ 33.
Ka1 Rd2 34. Qa6 Nxg2 35. Rb1 Ne3 36. a3 Nc2+ 37. Ka2 Qc5 38. Qa4 Ne3 39. Ka1
Qc4 40. Rc1 Qxa4 41. Nxa4 Rd1 42. Rxd1 Nxd1 43. Nc5 Kg8 44. Nd7 g5 45. hxg6
fxg6 46. Ne5 Kg7 47. Nxc6 h5 48. b4 h4 49. Nd4 h3 50. Nf3 g5 51. Nh2 Nf2 52. b5
g4 53. Nf1 Ne4 54. a4 g3 55. b6 axb6 0-1